00578nam a2200181Ia 4500008004100000020001500041041000800056082001800064100002100082245006700103260006300170300000800233365001100241650001500252942001200267999001900279952009800298140306s9999 xx 000 0 und d a8120404521 aeng a362.5bPUT/PO aPuttaswamaiah, K aPoverty and rural development : planners, peasants and poverty aNew DelhibOxford and IBH Publishing Company Pvt Ltdc1989 a423 bRs.295 aFarm Power 2ddccBK c178402d178402 00102ddc4070aKAUCBVbKAUCBVg295.00l0o362.5 PUT/POr2014-03-22 00:00:00w2014-03-22yBK